ბათუმის შოთა რუსთაველის სახელმწიფო უნივერსიტეტის ბიბლიოთეკა

Security Integration in Europe - How Knowledge-based Networks Are Transforming the European Union / (ბიბ.ჩანაწერი № 53734)

000 -LEADER
fixed length control field 01338nam a2200265Ia 4500
001 - CONTROL NUMBER
control field 20782
003 - CONTROL NUMBER IDENTIFIER
control field GE_BSU
005 - DATE AND TIME OF LATEST TRANSACTION
control field 20210407141037.0
008 - FIXED-LENGTH DATA ELEMENTS--GENERAL INFORMATION
fixed length control field 181216s||||||||xx |||||||||||||| ||und||
020 ## - INTERNATIONAL STANDARD BOOK NUMBER
International Standard Book Number 9780472035311
040 ## - CATALOGING SOURCE
Transcribing agency GE_BSU
080 ## - UNIVERSAL DECIMAL CLASSIFICATION NUMBER
Universal Decimal Classification number 32(4) C-90
100 ## - MAIN ENTRY--PERSONAL NAME
Personal name Cross, Mai'a K. Davis
9 (RLIN) 11140
245 ## - TITLE STATEMENT
Title Security Integration in Europe - How Knowledge-based Networks Are Transforming the European Union /
Statement of responsibility, etc. Mai'a K. Davis Cross.
264 ## - PRODUCTION, PUBLICATION, DISTRIBUTION, MANUFACTURE, AND COPYRIGHT NOTICE
Place of production, publication, distribution, manufacture Michigan :
Name of producer, publisher, distributor, manufacturer Univ Michigan Press,
Date of production, publication, distribution, manufacture, or copyright notice 2013.
300 ## - PHYSICAL DESCRIPTION
Extent 281p. ;
Dimensions 23 cm.
500 ## - GENERAL NOTE
General note Bibl. : p. 251-264, Index. : p. 265-281
653 ## - INDEX TERM--UNCONTROLLED
keyword Security Integration in Europe - How Knowledge-based Networks Are Transforming the European Union
653 ## - INDEX TERM--UNCONTROLLED
keyword Интеграция безопасности в Европе - как сети, основанные на знаниях, трансформируют Европейский Союз
653 ## - INDEX TERM--UNCONTROLLED
keyword Политика
653 ## - INDEX TERM--UNCONTROLLED
keyword პოლიტიკა
653 ## - INDEX TERM--UNCONTROLLED
keyword უსაფრთხოების ინტეგრაცია ევროპაში - რამდენად ცოდნაზე დაფუძნებული ქსელები ევროკავშირის ტრანსფორმირებას ახდენენ
942 ## - ADDED ENTRY ELEMENTS (KOHA)
Koha item type წიგნი
Source of classification or shelving scheme
ეგზემპლარები
Withdrawn status Lost status Source of classification or shelving scheme Damaged status Not for loan Permanent Location Current Location Shelving location Date acquired Cost, normal purchase price Full call number Barcode Date last seen Copy number Price effective from Koha item type Public note
          ბათუმის შოთა რუსთაველის სახელმწიფო უნივერსიტეტის მთავარი ბიბლიოთეკა ბათუმის შოთა რუსთაველის სახელმწიფო უნივერსიტეტის მთავარი ბიბლიოთეკა წიგნსაცავი 2018-12-17 84.00 32(4) C-90 54148 2018-12-17 54148 2018-12-17 წიგნი 84.00 GEL.